Tài chính doanh nghiệp Corporate finance

Giới thiệu tổng quan về tài chính doanh nghiệp, định giá và hoạch định ngân sách vốn, rủi ro, cấu trúc vốn và chính sách cổ tức, tài trợ dài hạn, quyền chọn, hợp đồng giao sau và tài chính doanh nghiệp, tài chính ngắn hạn......

詳細記述

保存先:
書誌詳細
第一著者: Ross, Stephen A
フォーマット: 図書
言語:Undetermined
出版事項: Tp. Hồ Chí Minh Kinh tế Tp. Hồ Chí Minh 2017
主題:
オンライン・アクセス:http://lrc.tdmu.edu.vn/opac/search/detail.asp?aID=2&ID=33202
タグ: タグ追加
タグなし, このレコードへの初めてのタグを付けませんか!
Thư viện lưu trữ: Trung tâm Học liệu Trường Đại học Thủ Dầu Một
LEADER 01077nam a2200217Ia 4500
001 TDMU_33202
008 210410s9999 xx 000 0 und d
082 |a 571.2 
090 |b R434 
100 |a Ross, Stephen A 
245 0 |a Tài chính doanh nghiệp 
245 0 |b Corporate finance 
245 0 |c Stephen A. Ross, Randolph W. Westerfield, Jeffrey Jaffe... ; Vũ Việt Quảng (Biên dịch) 
260 |a Tp. Hồ Chí Minh 
260 |b Kinh tế Tp. Hồ Chí Minh 
260 |c 2017 
300 |a 1095tr. 
520 |a Giới thiệu tổng quan về tài chính doanh nghiệp, định giá và hoạch định ngân sách vốn, rủi ro, cấu trúc vốn và chính sách cổ tức, tài trợ dài hạn, quyền chọn, hợp đồng giao sau và tài chính doanh nghiệp, tài chính ngắn hạn... 
650 |a Tài chính doanh nghiệp 
856 |u http://lrc.tdmu.edu.vn/opac/search/detail.asp?aID=2&ID=33202 
980 |a Trung tâm Học liệu Trường Đại học Thủ Dầu Một